[Event "Olomouc Chess Summer 2013 - Open senior"]
[Site "Olomouc (CZE), Hotel Flora"]
[Date "2013.08.06"]
[Round "7.2"]
[White "Vik, Joergen"]
[Black "Vorobyov, Yrij"]
[Result "0-1"]
[WhiteElo "1902"]
[BlackElo "2238"]
[PlyCount "102"]
[EventDate "2013.07.31"]

1. d4 e6 2. Nf3 c5 3. e3 Nf6 4. Be2 Nc6 5. O-O d5 6. c4 dxc4 7. Bxc4 a6 8. dxc5
Qxd1 9. Rxd1 Bxc5 10. Nc3 Ke7 11. b3 b5 12. Be2 Bb7 13. Bb2 Rhg8 14. Rac1 Bd6
15. Nd4 Ne5 16. Nf3 Nxf3+ 17. Bxf3 Bxf3 18. gxf3 Rac8 19. Ne2 e5 20. Ng3 Ke6
21. h3 Nd5 22. Ne4 Be7 23. a3 Rgd8 24. Kf1 f5 25. Ng3 g6 26. Ne2 Rxc1 27. Rxc1
Rd6 28. Ke1 Bh4 29. Kf1 Rb6 30. Nc3 Rc6 31. Ne2 Rxc1+ 32. Bxc1 Nb6 33. f4 e4
34. Nd4+ Kd5 35. Ke2 Nd7 36. f3 Nc5 37. fxe4+ Nxe4 38. Nf3 Bf6 39. h4 a5 40.
Bd2 a4 41. bxa4 bxa4 42. Bb4 Kc4 43. Bf8 Bb2 44. h5 Ng3+ 45. Kf2 Nxh5 46. Ng5
Nf6 47. Nf3 Nd7 48. Be7 Kb3 49. Ng5 Bxa3 50. Bxa3 Kxa3 51. Nxh7 Kb2 0-1

[Event "Olomouc Chess Summer 2013 - Open senior"]
[Site "Olomouc (CZE), Hotel Flora"]
[Date "2013.08.06"]
[Round "7.3"]
[White "Novak, Borivoj"]
[Black "Zoltek, Tadeusz"]
[Result "0-1"]
[WhiteElo "1846"]
[BlackElo "2165"]
[PlyCount "98"]
[EventDate "2013.07.31"]

1. c4 e6 2. a3 g6 3. d4 Bg7 4. Nf3 Nf6 5. g3 O-O 6. Bg2 d6 7. O-O a5 8. Nc3
Nbd7 9. Bg5 h6 10. Bd2 Kh7 11. Qc2 Re8 12. e3 e5 13. h4 exd4 14. exd4 Nb6 15.
Qb3 Be6 16. d5 Bf5 17. Rfe1 Bd3 18. Bf1 Bxf1 19. Kxf1 Qd7 20. Kg2 Qg4 21. Bf4
Nh5 22. Bd2 Qxc4 23. Qxc4 Nxc4 24. Rab1 Nxd2 25. Nxd2 Bxc3 26. bxc3 b6 27. f3
Kg7 28. Kf2 Nf6 29. c4 Nd7 30. Rxe8 Rxe8 31. f4 Nc5 32. Kf3 h5 33. Rc1 Re7 34.
Rc3 Re1 35. Re3 Rxe3+ 36. Kxe3 Kf6 37. Nb1 Kf5 38. Nc3 Kg4 39. Kf2 Nd3+ 40. Kg2
Nb2 41. Nb5 Nxc4 42. Kf2 a4 43. Ke2 Kxg3 44. Kd3 Na5 45. Ke4 f5+ 46. Ke3 Kxh4
47. Nxc7 Kg3 48. Nb5 Nb7 49. Nc3 h4 0-1